000 00234nam a22000977a 4500
999 _c11390
_d11390
008 190404b ||||| |||| 00| 0 eng d
020 _a9780713653588
100 _aEnglish Volleyball
_97122
245 _aVolleyball
260 _aLondon
_bA&C